| 000 | 00816cam a22002775a 4500 | ||
|---|---|---|---|
| 001 | 014632903 | ||
| 003 | OSt | ||
| 005 | 20160315114546.0 | ||
| 008 | 080410t2009 nyua fr 001 0 eng d | ||
| 010 | _a 2008008352 | ||
| 020 | _a9780071476614 (pbk.) | ||
| 020 | _a007147661X (pbk.) | ||
| 040 |
_aStDuBDS _beng _cStDuBDS _dUk _dEG-ScBUE |
||
| 082 | 0 | 4 |
_a616.9041 _222 _bCHA |
| 100 | 1 |
_aChamberlain, Neal R. _939556 |
|
| 245 | 1 | 0 |
_aMedical microbiology / _cby Neal R. Chamberlain. |
| 260 |
_aNew York : _bMcGraw-Hill Medical, _cc.2009. |
||
| 300 |
_ax, 445 p. : _bill. (col.) ; _c28 cm. |
||
| 490 | 0 | _aThe big picture. | |
| 500 | _aIncludes Internet access. | ||
| 500 | _aIndex : p. 419-445. | ||
| 650 | 7 |
_aMedical microbiology. _2BUEsh _912324 |
|
| 651 | _2BUEsh | ||
| 653 |
_bPPhrm _cMarch2016 |
||
| 942 | _2ddc | ||
| 999 |
_c21416 _d21388 |
||